header

Advances in malignant hematology (Record no. 223534)

MARC details
000 -LEADER
fixed length control field 01305nam a2200349Ia 4500
082 04 - DEWEY DECIMAL CLASSIFICATION NUMBER
Classification number 616.99/446
245 00 - TITLE STATEMENT
Title Advances in malignant hematology
260 ## - PUBLICATION, DISTRIBUTION, ETC. (IMPRINT)
Place of publication Chichester, West Sussex ;
-- Hoboken, NJ :
Name of publisher Wiley-Blackwell,
Year of publication 2011.
300 ## - PHYSICAL DESCRIPTION
Number of Pages xxi, 416 p. :
Other physical details ill. (some col.)
650 #0 - SUBJECT ADDED ENTRY--TOPICAL TERM
Topical Term Leukemia.
Topical Term Lymphomas.
Topical Term Myelodysplastic syndromes.
700 1# - ADDED ENTRY--PERSONAL NAME
Personal name Mufti, G. J.
Personal name Saba, Hussain I.
856 40 - ELECTRONIC LOCATION AND ACCESS
Uniform Resource Identifier http://site.ebrary.com/lib/rucke/Doc?id=10510608

No items available.

© 2026 Rongo University
Contact us: librarian | system librarian | Rongo university